000 00302nam a22001457a 4500
008 210604b ||||| |||| 00| 0 eng d
020 _a0394337328
041 _aeng
080 _a573
082 _a573
100 _a11
101 _aBIO
245 _aBiology
_cNorman K. Wessells
942 _2udc
_cBK
999 _c57975
_d57975